Química agrícola... /

Guardado en:
Autor Principal: Scharrer, Karl
Formato: Libro
Publicado: México : Uteha, 1960
Materias:
Etiquetas: Agregar Etiqueta
Sin Etiquetas, Sea el primero en etiquetar este registro!
LEADER 00496nam a22001815a 4500
001 CEM.cems016130
008 130507s1960##################000#0#####d
005 20210916165440.0
003 CEMS
245 1 0 |a Química agrícola... /  |c Karl Scharrer, 
260 |a México :  |b Uteha,  |c 1960 
300 |a 173 p. 
100 1 |a Scharrer, Karl 
082 0 4 |a 630.24 
653 |a Fertilizantes 
653 |a Química agrícola 
653 |a Suelo 
859 |a CEMS  |b BIB. CEMS - Agricultura  |h 630.24  |i Sch178  |p A5372.76  |t Ej.1  |v I  |3 I